006830000a22001930004500003001100000005001700011008004100028040003900069041000800108082001300116100002300129245010700152260005300259300002200312650004500334942000700379952008800386999001500474LK-CoMWRAF20240103111932.0230817t ||||| |||| 00| 0 eng d aLK-CoMWRAFdLK-CoMWRAFeLK-CoMWRAF aeng a820bWIE aWiesinger, Rita J. aLight me a candle :bTwo years of literacy and adult education work among the women of Khuzistan, Iran aBombay (India) :bShakuntala Publications,c1973 axv, 199p. ; 23cm. aIran Khuzistan women literacy programmes cBK 00104070aMAINbMAINd2023-08-17l0o820 WIEpRAF2319r2023-08-17w2023-08-17yBK c1433d1433